| 000 | 00640nam a2200217 a 4500 | ||
|---|---|---|---|
| 001 | BRL_1579 | ||
| 005 | 20190320211255.0 | ||
| 008 | 180314s1975----mx-#######---#000-0#spa-# | ||
| 041 | _aspa | ||
| 044 | _amx | ||
| 050 | 4 |
_aGT4814 _b.B74 1975 |
|
| 245 | 1 | 0 |
_aBreve selección de fiestas tradicionales _c[redacción ...a cargo de Imelda de León] |
| 260 |
_aMéxico _bSEP ; Dirección General de Arte Popular _c1975 |
||
| 300 |
_a109 p. _c28 cm. |
||
| 500 | _aAu1780 | ||
| 650 | 1 | 4 |
_aFestivales _zMéxico _927347 |
| 651 | 4 |
_aMéxico _xVida social y costumbres _9769 |
|
| 700 | 1 |
_aLeón, Imelda de _927348 |
|
| 902 | _aGRL | ||
| 942 |
_2lcc _cB |
||
| 999 |
_c10388 _d10388 |
||